Southville International School and Colleges
Your cart is empty.
  • Cart
  • Lists
    Public lists Eva Luna New books Lux_list list_1
    Your lists Log in to create your own lists
  • Log in to your account
  • Your cookies
  • Search history
Southville International School and Colleges
  • Advanced search
  • Recent comments
  • Most popular
  • Libraries

Log in to your account

Log in with GOOGLE


If you do not have an external account, but do have a local account, you can still log in:

  1. Home
  2. MARC view: The case of the snowboarding superstar
Normal view MARC view ISBD view

The case of the snowboarding superstar (Record no. 366697)

[ view plain ]
MARC details
000 -LEADER
fixed length control field 00689nam a22002177a 4500
003 - CONTROL NUMBER IDENTIFIER
control field 0
005 - DATE AND TIME OF LATEST TRANSACTION
control field 20241112160841.0
008 - FIXED-LENGTH DATA ELEMENTS--GENERAL INFORMATION
fixed length control field 241112b xxu||||| |||| 00| 0 eng d
020 ## - INTERNATIONAL STANDARD BOOK NUMBER
International Standard Book Number 0-439-79395-5
082 ## - DEWEY DECIMAL CLASSIFICATION NUMBER
Classification number FIC
Item number P924 2006
100 ## - MAIN ENTRY--PERSONAL NAME
Personal name Preller, James
245 ## - TITLE STATEMENT
Title The case of the snowboarding superstar
Statement of responsibility, etc James Preller; illustrated by Jamie Smith.
260 ## - PUBLICATION, DISTRIBUTION, ETC. (IMPRINT)
Place of publication, distribution, etc New York, NY :
Name of publisher, distributor, etc Scholastic Inc.,
Date of publication, distribution, etc c2006.
300 ## - PHYSICAL DESCRIPTION
Extent 71 p. :
Other physical details ill. ;
Dimensions 20 cm.
440 ## - SERIES STATEMENT/ADDED ENTRY--TITLE
Title Jigsaw Jones mystery ;
Number of part/section of a work #29
650 ## - SUBJECT ADDED ENTRY--TOPICAL TERM
Topical term or geographic name as entry element Private investigators
Form subdivision Juvenile fiction.
650 ## - SUBJECT ADDED ENTRY--TOPICAL TERM
Topical term or geographic name as entry element Mystery and detective stories.
650 ## - SUBJECT ADDED ENTRY--TOPICAL TERM
Topical term or geographic name as entry element Mystery fiction
700 ## - ADDED ENTRY--PERSONAL NAME
Personal name Smith, James,
Relator term illustrator.
942 ## - ADDED ENTRY ELEMENTS (KOHA)
Source of classification or shelving scheme Dewey Decimal Classification
Koha item type Books
Holdings
Withdrawn status Lost status Source of classification or shelving scheme Damaged status Home library Current library Shelving location Date acquired Source of acquisition Sub Shelving location Total Checkouts Full call number Barcode Date last seen Price effective from Koha item type
    Dewey Decimal Classification   Munich Library Munich Library Fiction Section 11/12/2024 Library Fund     FIC P924 2006 M7677 11/12/2024 11/12/2024 Books

The case of the snowboarding superstar

APA

Preller J., Smith J., . (2006). The case of the snowboarding superstar. New York, NY: Scholastic Inc.

Chicago

Preller James, Smith James, . 2006. The case of the snowboarding superstar. New York, NY: Scholastic Inc.

Harvard

Preller J., Smith J., . (2006). The case of the snowboarding superstar. New York, NY: Scholastic Inc.

MLA

Preller James, Smith James, . The case of the snowboarding superstar. New York, NY: Scholastic Inc. 2006.

  • Place hold
  • Print
  • Cite
  • Add to your cart (remove)
  • Save record
    BIBTEX Dublin Core MARCXML MARC (non-Unicode/MARC-8) MARC (Unicode/UTF-8) MARC (Unicode/UTF-8, Standard) MODS (XML) RIS
  • More searches
    Search for this title in:
    Other Libraries (WorldCat) Other Databases (Google Scholar) Online Stores (Bookfinder.com) Open Library (openlibrary.org)

Exporting to Dublin Core...

SOUTHVILLE LIBRARY

Southville International School and Colleges Library

1281 Tropical Ave. Cor. Luxembourg St., BF Homes International, Las Pinas City

Tel. No. 8256374 / 252358 Loc. 117/146

Powered by Koha